Govt. of
Madhya Pradesh

Hindustani Ragas (Record no. 41393)

MARC details
000 -LEADER
fixed length control field 003290000a22001450004500
003 - CONTROL NUMBER IDENTIFIER
control field MACL
040 ## - CATALOGING SOURCE
Original cataloging agency MACL
090 ## - LOCALLY ASSIGNED LC-TYPE CALL NUMBER (OCLC); LOCAL CALL NUMBER (RLIN)
-- 41836
-- 41834
100 ## - MAIN ENTRY--PERSONAL NAME
Personal name Razdan, Vijay Bazaz
245 ## - TITLE STATEMENT
Title Hindustani Ragas
Remainder of title The Concept of Time and Season
260 ## - PUBLICATION, DISTRIBUTION, ETC. (IMPRINT)
Name of publisher, distributor, etc. B R Rhythms
Date of publication, distribution, etc. 2009
350 ## - PRICE (NR) (BK AM CF MU VM SE) [OBSOLETE]
Price 695
650 ## - SUBJECT ADDED ENTRY--TOPICAL TERM
Topical term or geographic name as entry element Music
942 ## - ADDED ENTRY ELEMENTS (KOHA)
Koha item type Library Membar
Call number prefix 780/RAZ
Holdings
Withdrawn status Lost status Damaged status Not for loan Home library Current library Date acquired Total Checkouts Full call number Barcode Date last seen Uniform Resource Identifier Price effective from Koha item type
        MACL MACL 15/04/2015   780/RAZ BOOK CRE24374 29/04/2015 43216 15/04/2015 Books